| 000 | 01132nam a22002177a 4500 | ||
|---|---|---|---|
| 001 | |||
| 003 | OSt | ||
| 005 | 20260127155814.0 | ||
| 008 | 260127b |||||||| |||| 00| 0 eng d | ||
| 016 | _2 | ||
| 020 | _a9789356961210 | ||
| 041 | _aEng | ||
| 082 |
_22nd _a004.SRE |
||
| 100 | _aSREEVANI R | ||
| 245 | _aHealth/Nursing Informatics and Technology (Computer for Nurses)Semester -II | ||
| 260 |
_aNew Delhi _bJaypee Brothers Medical Publishers _c2025 |
||
| 300 | _a236 P | ||
| 500 | _aA comprehensive textbook compiled as per the revised INC syllabus for undergraduate nursing students. Written in easy-to-understand language following a lucid style. Comprehensively covers all topics on 'Health/Nursing Informatics and Technology. Well-illustrated with tables and figures making it reader-friendly. Question bank provided at the end of each unit to improve self-evaluation and ensure robustness in various examinations. A life-long companion for basic nursing students and those pursuing higher education. A must-own text for all healthcare professionals. | ||
| 610 |
_aComputer _9216496 |
||
| 942 |
_2ddc _cDB |
||
| 999 |
_c370160 _d370160 |
||